000 00364nam a2200145Ia 4500
005 20251222144627.0
008 251222s9999||||xx |||||||||||||| ||spa||
020 _a8477740801
082 _a618.928.914.2/G13
100 _aGagné, Ellen D.
245 0 _aLa PsicologĂ­a Cognitivas del Aprendizaje Escolar
250 _a1ra. Ed.
264 _bVisor
942 _cLIB
999 _c16159
_d16159